000
00244nam a2200085Ia 4500
008
170620s9999 xx 000 0 und d
100
_a
Ramanujam- P. R.
245
0
_a
Globalization- Education and Open Distance Learning
260
_b
Delhi- Shipra Publications
260
_c
2006
999
_c
24802
_d
24802